000
00363nam a2200133Ia 4500
008
230312s9999||||xx |||||||||||||| ||und||
082
_a
891.4
_b
QUR-S
100
_a
قراش علی
245
0
_a
شانِ مصطفٰی صلی اللہ علیہ وسلم
260
_b
مکتبہ قادریہ لاہور
_a
pak
300
_a
112
650
_a
Literature
942
_c
BK
999
_c
15069
_d
15069